000 00629nam a22001815i 4500
001 183289
003 ES-MaACL
005 20230906221845.0
008 140206s1991 sp | |||| ||spa d
080 _a929(=1.460.15:835.41 S.)
100 1 _aLaborde Duronea, Miguel.
_9154391
245 1 0 _aVascos en Santiago de Chile /
_cMiguel Laborde Duronea.
260 _a[Vitoria] :
_bDepartamento de Cultura, Gobierno Vasco,
_c[1991] (
_eSantiago, Chile :
_fTall. Arancibia Hnos.)
300 _a106 p. ;
_c22 cm.
504 _aBibliografía: p. 105-106.
650 4 _aVascos-
_zChile-
_vHistoria.
_9153173
852 _aES-MaACL
_jL-30022
999 _c183289
_d183289